000 00429nam a2200181Ia 4500
001 9661
005 20260306161735.0
008 260306t2008||||xx |||||||||||||| ||spa||
041 _aESP
082 _a388.185
_bB73
100 _aBonifaz, José Luis
_eAUT
245 0 _aBeneficios económicos de la carretera interoceánica
260 _c2008
300 _a
_c
650 _aGEN
654 _aCAN
942 _cLIB
_dJUS
_fJUS
_2ddc
_n
999 _c9661
_d9661